| 000 | 00873nam a22001817a 4500 | ||
|---|---|---|---|
| 008 | 100615t xxu||||| |||| 00| 0 eng d | ||
| 082 |
_222 _a351.00312 _bص ي ر |
||
| 100 | 1 |
_914777 _aالصيرفي، العامل عطية |
|
| 245 |
_aحكم العسكر في مصر المحروسة : _bمن الدولة الفرعونية إلي حكم مبارك / _cالعامل عطية الصيرقي. |
||
| 260 |
_a[د م] : _b[د ن] ، _c[د ت] |
||
| 300 |
_a442 ص : _c24 سم. |
||
| 650 | 0 |
_914787 _aالاعتقال |
|
| 650 | 0 |
_914788 _aالحبس |
|
| 650 | 0 |
_914789 _aالاستعمار |
|
| 650 | 0 |
_914790 _aمصر _xالملوك والحكام |
|
| 942 |
_2ddc _cBB |
||
| 999 |
_c14093 _d14093 |
||